| 000 | 00538nam a22001937a 4500 | ||
|---|---|---|---|
| 003 | KOHA_MİRAKIL | ||
| 005 | 20250411143851.0 | ||
| 008 | 250411b tu ||||| |||| 00| 0 tur d | ||
| 020 | _a9789750854491 | ||
| 040 |
_aTR-AnABB _btur _cTR-AnABB |
||
| 041 | _atur | ||
| 082 |
_a813.42 _bUMI 2022 |
||
| 100 | _aÜmit, Ahmet | ||
| 245 | 1 | 0 |
_aBir aşk masalı / _cAhmet Ümit |
| 260 |
_aİstanbul : _bYapı Kredi Kültür Yayınları, _c2022 |
||
| 300 |
_a248 sayfa ; _c22 cm |
||
| 650 | 0 | 4 | _aTürk edebiyatı, roman |
| 942 |
_2ddc _cBK |
||
| 999 |
_c8648 _d8648 |
||
| 900 | _bGizem YORULMAZ | ||